Loading...
| History - European | 0 | 6 | 1 | 0 | 55 | 31 | 48.17 | 2 | 5 | 0.00 | 0.00 |
| Literature - European | 0 | 5 | 0 | 0 | 50 | 16 | 78.00 | 1 | 3 | 0.00 | 0.00 |
| History - American | 0 | 5 | 0 | 0 | 50 | 18 | 51.60 | 1 | 4 | 0.00 | 0.00 |
| Literature - American | 0 | 5 | 0 | 0 | 50 | 40 | 71.80 | 2 | 5 | 0.00 | 0.00 |
| Literature - British | 0 | 5 | 0 | 1 | 50 | 37 | 80.60 | 2 | 2 | 0.00 | 0.00 |
| History - Other | 0 | 5 | 2 | 1 | 40 | 30 | 72.80 | 0 | 3 | 0.00 | 0.00 |
| Social Science | 0 | 4 | 1 | 1 | 35 | 26 | 65.00 | 2 | 3 | 0.00 | 0.00 |
| Religion | 0 | 3 | 0 | 1 | 30 | 64 | 79.67 | 1 | 1 | 0.00 | 0.00 |
| Philosophy | 0 | 3 | 1 | 1 | 25 | 33 | 67.00 | 1 | 2 | 0.00 | 0.00 |
| History - World | 0 | 3 | 2 | 0 | 20 | 18 | 37.00 | 0 | 1 | 0.00 | 0.00 |
| Science - Biology | 0 | 2 | 0 | 1 | 20 | 80 | 90.50 | 0 | 0 | 0.00 | 0.00 |
| Pop Culture | 0 | 2 | 0 | 0 | 20 | 35 | 42.00 | 0 | 2 | 0.00 | 0.00 |
| Science - Physics | 0 | 2 | 0 | 0 | 20 | 85 | 93.50 | 0 | 0 | 0.00 | 0.00 |
| Fine Arts - Other | 0 | 2 | 0 | 2 | 20 | 105 | 108.50 | 0 | 0 | 0.00 | 0.00 |
| Painting/Sculpture | 0 | 2 | 0 | 1 | 20 | 86 | 92.00 | 0 | 1 | 0.00 | 0.00 |
| Current Events | 0 | 1 | 0 | 0 | 10 | 64 | 64.00 | 0 | 0 | 0.00 | 0.00 |
| Fine Arts - Classical Music | 0 | 1 | 0 | 0 | 10 | 92 | 92.00 | 0 | 0 | 0.00 | 0.00 |
| Mythology | 0 | 2 | 2 | 1 | 10 | 70 | 91.50 | 0 | 0 | 0.00 | 0.00 |
| Science - Chemistry | 0 | 1 | 0 | 1 | 10 | 87 | 87.00 | 0 | 0 | 0.00 | 0.00 |
| Science - Other | 0 | 1 | 1 | 0 | 5 | 46 | 46.00 | 0 | 1 | 0.00 | 0.00 |
| Geography | 0 | 1 | 1 | 0 | 5 | 80 | 80.00 | 0 | 1 | 0.00 | 0.00 |
| Literature - World | 0 | 1 | 2 | 0 | 0 | 87 | 87.00 | 0 | 0 | 0.00 | 0.00 |